000 00471nab a2200145Ia 4500
003 ES-SlBCS
005 20210601143858.0
008 140529s1982 xxu||||| |||| 00| 0 spa d
041 _aspa
100 1 _aStrobl, Wolfgang
_932068
245 0 0 _aAspectos Filosóficos de la Comunicación Interlingüística
_c Wolfgang Strobl
650 0 4 _aComunicación Interlinguística
_9294310
773 0 _tPresença Filosofica
_gvol. 8, nº. 3-4, 1982, págs. 3-8
_wRev966
942 _cAR
999 _c699290
_d699290